000 01387nam2a2200277 4500
001 RU\NLR\BIBL_A\012485204
005 20250624045428.0
010 _a978-5-7151-0540-0
_9760
035 _a(NLR Aleph) 012485204
090 _a12152234
_c12152234
100 _a20210325d2020 |||y0rusy50 ca
101 0 _arus
102 _aRU
105 _aa z 000yy
200 1 _aИвдивные научно-философские чтения
210 _d2020
_aБ. м.
215 _a479 с.
_cил.
_d21
300 _aК 25-летию философии синтеза
320 _aБиблиогр. в подстроч. примеч.
461 0 _1001RU\NLR\BIBL_A\012454046
_12001#$aПарадигмальный альманах$eсборник статей и материалов$fМетагалакт. акад. наук, Академ. ин-т синтез-философии [и др.]$v№ 1
_911989651
_cМосква
_d2020 -
_fМетагалакт. акад. наук, Академ. ин-т синтез-философии [и др.]
_n[б. и.]
_oсборник статей и материалов
_tПарадигмальный альманах
_v№ 1
710 1 2 _aИвдивные научно-философские чтения
_d1
_eМосква
_f2020
_9741611
_3RU\NLR\AUTH\880538986
852 _aNLR
_jП25/723
942 _cISSUE
980 _aNB
980 _aRUSPER